I wonder why the telephone rings and other questions about communication / (Record no. 14382)

MARC details
000 -LEADER
fixed length control field 02675cam a2200409 a 4500
005 - DATE AND TIME OF LATEST TRANSACTION
control field 20080710145343.0
008 - FIXED-LENGTH DATA ELEMENTS--GENERAL INFORMATION
fixed length control field 080710t xxu||||| |||| 00| 0 eng d
010 ## - LCCN (DPL NO)
LC control number B-270053-058
020 ## - INTERNATIONAL STANDARD BOOK NUMBER
International Standard Book Number 0753405199
035 ## - SYSTEM CONTROL NUMBER
System control number B-270053-058
037 ## - SOURCE OF ACQUISITION
Source of stock number/acquisition Grolier
040 ## - CATALOGING SOURCE
Original cataloging agency DPL
Language of cataloging EN
082 ## - DEWEY DECIMAL CLASSIFICATION NUMBER
Classification number 302.2
100 ## - MAIN ENTRY--PERSONAL NAME
Personal name Mead, Richard,
245 ## - TITLE STATEMENT
Title I wonder why the telephone rings and other questions about communication /
Statement of responsibility, etc by Richard Mead.
260 ## - PUBLICATION, DISTRIBUTION, ETC. (IMPRINT)
Place of publication, distribution, etc London
Name of publisher, distributor, etc Kingfisher Publications
Date of publication, distribution, etc 2007
270 ## - ADDRESS
Address New Penderel Houes, 283-288 High Holborn,
City London
300 ## - PHYSICAL DESCRIPTION
Extent 32 p. :
Other physical details col. ill. ;
Dimensions 29 cm.
490 ## - SERIES STATEMENT
Series statement I wonder why
500 ## - GENERAL NOTE
General note Includes index.
520 ## - SUMMARY, ETC.
Summary, etc Questions and answers explore the world of animal and human communication, under such headings as "When did a picture first tell a story," "Do languages change?" and "How does a telephone work?"
650 ## - SUBJECT ADDED ENTRY--TOPICAL TERM
Topical term or geographic name as entry element Communication
General subdivision Juvenile literature.
650 ## - SUBJECT ADDED ENTRY--TOPICAL TERM
Topical term or geographic name as entry element Communication.
650 ## - SUBJECT ADDED ENTRY--TOPICAL TERM
Topical term or geographic name as entry element Questions and answers.
830 ## - SERIES ADDED ENTRY--UNIFORM TITLE
Uniform title I wonder why (New York, N.Y.)
856 ## - ELECTRONIC LOCATION AND ACCESS
Materials specified Publisher description
Uniform Resource Identifier <a href="http://www.loc.gov/catdir/description/hm021/96001371.html">http://www.loc.gov/catdir/description/hm021/96001371.html</a>
942 ## - ADDED ENTRY ELEMENTS (KOHA)
Source of classification or shelving scheme Dewey Decimal Classification
Item type Children Books
Classification part 302.2
Call number suffix MEA
Holdings
Withdrawn status Lost status Damaged status Not for loan Collection code Home library Current library Date acquired Cost, normal purchase price Total Checkouts Full call number Barcode Date last seen Copy number Cost, replacement price Koha item type Source of classification or shelving scheme Source of acquisition
        Reference Central Library Central Library 10/07/2008 10312.50   302.2 / IWO B-270053 15/09/2008 1 10312.50 Children Books    
        Reference Jor Bagh (Children Lib) Jor Bagh (Children Lib) 10/07/2008 10312.50   302.2 / IWO B-270056 15/09/2008 1 10312.50 Children Books    
        Reference Karol Bagh Karol Bagh 10/07/2008 10312.50   302.2 / IWO B-270057 15/09/2008 1 10312.50 Children Books    
        Reference Patel Nagar Patel Nagar 10/07/2008 10312.50   302.2 / IWO B-270054 15/09/2008 1 10312.50 Children Books    
        Reference Sarojini Nagar Sarojini Nagar 10/07/2008 10312.50   302.2 / IWO B-270055 15/09/2008 1 10312.50 Children Books    
        Reference Shahdara Branch Shahdara Branch 10/07/2008 10312.50 1 302.2 / IWO B-270058 21/05/2019 1 10312.50 Children Books    
      Not For Loan Reference Vinoba Puri Vinoba Puri 26/09/2008 10312.00   302.2 MEA B-285165 26/09/2008 1 10312.00 Children Books Dewey Decimal Classification Grolier/G-07-0231/23.7.08/199/21.7.08/11.9.08

© Delhi Public Library
Hit Counter
free hit counter